| 000 | 00896 a2200193 4500 | ||
|---|---|---|---|
| 001 | 140356 | ||
| 040 | _cLeonardo Da Vinci | ||
| 041 | _aPortuguês | ||
| 082 |
_a372.7 A97m _bA97m |
||
| 100 |
_aAVERBUCH, Anna _aGOTTLIEB, Franca Cohen _aSANCHES, Lucilia Bechara _aLIBERMAN, Manhucia P |
||
| 245 |
_aMatemática _b6ª série; 1º grau |
||
| 250 | _a5.ed | ||
| 260 |
_bSolução _c1991 _aSão Paulo |
||
| 300 | _a192 | ||
| 362 | _a19910000 | ||
| 490 | _aSaber e fazer | ||
| 697 |
_aMatemática _aPotenciação _aRadiciação _aConjuntos _aExpressão numérica _aNúmeros racionais _aQuociente _aMódulo _aOposto _aEquação do 1. grau _aSentença matemática _aIgualdade _aSimbolização _aInequação _aDesigualdade _aPar ordenado _aRazão _aProporção _aGrandeza _aRegra de três _aJuros _aMedidas _aÂngulo _aGeometria intuitiva _aCongruência _aTriângulo _aQuadrilátero _aEnsino Fundamental 2. ciclo |
||
| 942 | _cBK | ||
| 999 |
_c140356 _d140356 |
||